HOW TO CONDUCT QUALITATIVE RESEARCH IN FINANCE (Record no. 7891)

MARC details
000 -LEADER
fixed length control field 00344nam a2200133Ia 4500
008 - FIXED-LENGTH DATA ELEMENTS--GENERAL INFORMATION
fixed length control field 260604s9999 xx 000 0 und d
020 ## - INTERNATIONAL STANDARD BOOK NUMBER
International Standard Book Number 9781803926995
082 ## - DEWEY DECIMAL CLASSIFICATION NUMBER
Classification number 332 KAC
100 ## - MAIN ENTRY--PERSONAL NAME
Personal name KACZYNSKI
9 (RLIN) 35132
245 #0 - TITLE STATEMENT
Title HOW TO CONDUCT QUALITATIVE RESEARCH IN FINANCE
260 ## - PUBLICATION, DISTRIBUTION, ETC.
Name of publisher, distributor, etc. EDWARD
500 ## - GENERAL NOTE
General note Finance, Qualitative Research
942 ## - ADDED ENTRY ELEMENTS (KOHA)
Koha item type Book
Holdings
Date last seen Total Checkouts Full call number Barcode Cost, replacement price Price effective from Koha item type Lost status Damaged status Not for loan Withdrawn status Home library Current library Shelving location Date acquired Cost, normal purchase price BOOK NO
06/04/2026   332 KAC 003509 14687.80 06/04/2026 Book         Indian Institute of Management Visakhapatnam Indian Institute of Management Visakhapatnam   06/04/2026 14687.80 KAC

Copyright © 2024 Indian Institute of Management Visakhapatnam
Koha v23.05